Nagyanyó

Podrobná bibliografia
Hlavný autor: Němcová, Božena, 1820-1862 (Autor)
Médium: Kniha
Jazyk:neznámy jazyk
PhysicalDescription:273 s.
Vydavateľské údaje: Budapest Európa 1974

MARC

LEADER 00000nam a2200000 a 4500
001 vtls001293499
003 SK-MaSNL
005 20260301065012.0
008 240316s1974 xx 0 und
035 |a SNK000245268 
040 |a SNK  |b slo  |c SNK  |e AACR2 
100 1 |a Němcová, Božena,  |d 1820-1862  |4 aut  |9 85909 
245 1 |a Nagyanyó 
260 |a Budapest  |b Európa  |c 1974 
300 |a 273 s. 
958 |a OND 
999 |c 629019  |d 630949 
952 |t P60, <03>, [BOOK], {603}  |a SNK  |b SNK  |y PREZ  |7 0  |p 17A0060473  |o snkSC 34692  |0 0  |1 0  |4 0  |d 1997-07-04  |l 0  |r 2025-10-03 00:00:00  |w 2026-02-23